=LDR 00000nam 2200000 4500 =001 INLIS000000000001196 =005 20130612085614 =008 ***********************************Ind** =035 ##$$0010-061300000001196 =041 ##$$a Ind =082 ##$$a 530.07 =090 ##$$a 530.07, Pur-f =100 ##$$a PURWONO, Indro =245 ##$$a Fisika pendidikan dasar 9 tahun untuk SLTP, Indro Purwoko =260 ##$$a 1994 $b Surakarta =300 ##$$a ...jil, ilus, 28 cm =650 ##$$a Fisika =650 ##$$a Studi dan Pengajaran =850 ##$$a NBPNMAT